Danças e bailados no folclore madeirense (Registo nº 32)

Detalhes MARC
000 -Etiqueta do registo
Cabeçalho 00952nam a2200325 4500
005 - Identificador da versão
Campo de controlo 20240813121753.0
010 ## - Número internacional normalizado dos livros (ISBN)
Número (ISBN) 9729565163
021 ## - Número do Depósito Legal
Código do país PT
Número 171018/01
035 ## - Other System Control Numbers
System Control Number 0000033
System Control Number 0000033
System Control Number 0000033
System Control Number 0000033
100 ## - Dados gerais de processamento
Dados gerais de processamento 20020506g20019999m y0pory5003 ba
102 ## - Pais de publicação ou produção
País de publicação Portugal
101 0# - Língua de publicação
Língua do texto, banda sonora, etc. Português
106 ## - Campo de dados codificados: material textual
Dados codificados do material textual r
105 ## - Campo de dados codificados: livros
Dados codificados dos livros a z 001yy
215 ## - Descrição física 
Indicação específica da natureza do documento e extensão da espécie v.
Outras indicações físicas il.
Dimensões 21 cm
200 1# - Titulo e menção de responsabilidade
Título próprio Danças e bailados no folclore madeirense
Informação de outro título origens e mitos
Primeira menção de responsabilidade Danilo José Fernandes
Outras menções de responsabilidade pref. Rui Carita
210 ## - Publicação, Distribuição, etc. 
Lugar da edição, distribuição, etc. [Funchal]
Nome do editor, distribuidor, etc. Grupo de Folclore e Etnográfico da Boa Nova
Data da publicação, distribuição, etc. 2001-
320 ## - Nota relativa a bibliografia e índices internos 
Texto da nota Contém bibliografia
606 ## - Nome comum usado como assunto
Número de registo de entrada de autoridade 0000090
Palavra de ordem Folclore português
Subdivisão de assunto História
Subdivisão geográfica Madeira (Portugal)
675 ## - Classificação Decimal Universal (CDU)
Notação 398(469.8)(091)
702 ## - Nome de autor-pessoa física (responsabilidade secundária)
Número de registo de entrada de autoridade 0000092
Palavra de ordem Carita
Outra parte do nome não tomada para palavra de ordem Rui
Datas 1946-
Código de função Autor da introdução / Prefaciador
700 ## - Nome de autor-pessoa física (responsabilidade principal)
Número de registo de entrada de autoridade 0000085
Palavra de ordem Fernandes
Outra parte do nome não tomada para palavra de ordem Danilo José
Datas 1958-
966 ## - Identificação da Biblioteca
Sigla NUMETECA
942 ## - Elementos de entrada adicionados (Koha)
Tipo de item no Koha Livro
Exemplares
Situação do levantamento Origin of item (home branch) (coded) Biblioteca de empréstimo Código de barras Cota Circulation type (not for loan) Tipo de documento Nota do exemplar Damaged status
  Biblioteca Escolar Eng. Nuno Mergulhão Biblioteca Escolar Eng. Nuno Mergulhão BENM363 398   Livro Sem mensagem